[Event "RUS-ch Superfinal"]
[Site "Moscow"]
[Date "2005.12.27"]
[Round "8"]
[White "Motylev, Alexander"]
[Black "Volkov, Sergey"]
[Result "1-0"]
[WhiteElo "2632"]
[BlackElo "2614"]
[Annotator "Finkel,A"]
[PlyCount "87"]
[EventDate "2005.12.19"]
[EventType "tourn"]
[EventRounds "11"]
[EventCountry "RUS"]
[EventCategory "17"]
[SourceTitle "CBM 111"]
[Source "ChessBase"]
[SourceDate "2006.04.04"]
[SourceVersion "1"]
[SourceVersionDate "2006.04.04"]
[SourceQuality "1"]

1. e4 e6 2. d4 d5 3. Nc3 Nf6 4. e5 Nfd7 5. f4 c5 6. Nf3 Nc6 7. Be3 a6 8. Qd2 b5
9. a3 g5 {The number of the games played with this move is too low yet to jump
to the conclusions, but it seems to be pretty dangerous for Black.} 10. fxg5 (
10. dxc5 $6 gxf4 11. Bxf4 Bxc5 12. a4 Qa5 13. Bd3 Bb7 14. Ne2 Qxd2+ 15. Kxd2
bxa4 $1 $15 {Frolyanov,D-Volkov,S/Sochi 2005}) (10. Nxg5 $5 cxd4 11. Bxd4 Nxd4
12. Qxd4 Bc5 13. Qd2 Qb6 14. Nd1 f6 15. exf6 Nxf6 16. Bd3 O-O $36) 10... cxd4
11. Nxd4 (11. Bxd4 $6 Bg7 12. O-O-O O-O 13. Na2 Nxd4 14. Nxd4 Nxe5 15. h4 Nc4
16. Bxc4 bxc4 $17 {Anand,V-Morozevich,A/Monte Carlo 2005}) 11... Ncxe5 12. Bd3
$5 {[%cal Gc3e2,Ge2g3,Gg3h5] White prefers to send the knight to h5 instead of
the bishop. In the previous game White preferred 12.Be2, but the move in the
game is definitely a more logical choice.} (12. Be2 Bb7 $6 13. Bh5 Qe7 14. O-O
Bg7 15. Nce2 O-O 16. b3 Rac8 17. Ng3 $14 {Zhang Zhong-Roiz,M/Beer Sheva ISR
2005}) 12... Bb7 13. O-O Qc7 14. Kh1 Bg7 15. Rae1 $6 {The rook isn't
necessarily well-placed on e1, so 15.Qf2 followed by Qh4 and Ne2-g3-h5
deserved attention.} (15. Qf2 $5) 15... O-O 16. Nce2 Nc4 17. Bxc4 dxc4 $1 {
It's more important to open up the diagonal a8-h1 for the bishop than to keep
a strong center, even though after} (17... bxc4 18. Ng3 Be5 19. Rf3 c3 20. bxc3
Rac8 $132 {things are not perfectly clear.}) 18. Ng3 c3 $1 19. bxc3 Rac8 20.
Nh5 Qxc3 $2 {A very bad move after which White gets the decisive advantage.
After the correct} (20... Be5 21. Qf2 (21. Nf6+ Nxf6 22. gxf6 Qxc3 23. Qf2 Kh8
$36 {[%cal Gf8g8]}) 21... Qxc3 22. Rd1 (22. Qh4 $2 Rc4 23. Nf6+ Nxf6 24. gxf6
Qxc2 $17) 22... Kh8 $132 {the position would've remained highly unclear.}) 21.
Qxc3 Rxc3 22. Nxg7 Rxe3 $8 (22... Kxg7 23. Nxe6+ fxe6 24. Bd4+ $18) 23. Rxe3
Kxg7 24. Rc3 $18 {[%cal Gc3c7] White is just an exchange up.} Bd5 25. Rc7 Nb6
26. Rf6 {[%csl Re6]} Kg8 27. Ra7 Nc4 28. Rxa6 Rd8 $1 {Black's only chance to
get counterplay is by activating the rook.} 29. Kg1 Be4 30. c3 e5 31. Nf3 $6
Rd1+ 32. Kf2 Bd5 33. a4 $1 (33. Rf5 Be6 34. Rxe5 Nxe5 35. Nxe5 Rc1 $16) 33...
e4 34. axb5 $1 (34. Ne1 $2 e3+ 35. Ke2 Rd2+ 36. Kf1 Nb2 $1 $36 {[%cal Gd5c4,
Gd2d1]}) 34... exf3 35. gxf3 Rb1 36. b6 Rb2+ 37. Kg3 Kg7 (37... Rb3 38. h4 Rxc3
39. Ra7 Rb3 40. Rd7 Be6 41. Rd8+ Kg7 42. h5 h6 43. Rxh6 $18) 38. Rf4 Be6 $6 (
38... Nxb6 39. Rb4 Rxb4 40. cxb4 $18) (38... Rxb6 $142 39. Rxb6 Nxb6 40. h4 Be6
$16) 39. b7 Ne3 (39... Bd5 40. Ra4 Ne5 41. Rab4 $18) 40. Rb4 Rg2+ 41. Kf4 Nd5+
42. Ke4 Nxb4 43. cxb4 Bc4 44. Ra8 1-0

[Event "RUS-ch Superfinal"]
[Site "Moscow"]
[Date "2005.12.23"]
[Round "5"]
[White "Rublevsky, Sergei"]
[Black "Motylev, Alexander"]
[Result "1-0"]
[WhiteElo "2652"]
[BlackElo "2632"]
[Annotator "Huzman,A"]
[PlyCount "95"]
[EventDate "2005.12.19"]
[EventType "tourn"]
[EventRounds "11"]
[EventCountry "RUS"]
[EventCategory "17"]
[SourceTitle "CBM 111"]
[Source "ChessBase"]
[SourceDate "2006.04.04"]
[SourceVersion "1"]
[SourceVersionDate "2006.04.04"]
[SourceQuality "1"]

1. e4 e5 2. Nf3 Nf6 3. d4 Nxe4 4. Bd3 d5 5. Nxe5 Nd7 6. Nxd7 Bxd7 7. O-O Bd6 8.
c4 c6 9. cxd5 cxd5 10. Nc3 Nxc3 11. bxc3 O-O 12. Qh5 g6 13. Qxd5 Qc7 14. Bh6
Rfe8 (14... Rfd8 15. Qf3 (15. h4 Be6 16. Qf3 Qxc3 17. Bg5 Re8 18. Rfd1 Qc8 19.
Bb5 Bg4 20. Qd5 Rd8 21. Bxd8 Qxd8 22. g3 Bxd1 23. Rxd1 {1/2-1/2 Van der Weide,
K-Atalik,E/Wijk aan Zee NED 2006/(23)}) 15... Qxc3 16. Qf6 Bf8 17. Bxf8 Rxf8
18. Be4 Rad8 (18... Bc6 19. Rac1 Qb2 20. Rc2 Qb6 21. d5 $36 {1/2-1/2 Ralls II,
R-Borst,J/Chessfriend.com 2003/Telechess CBM 99 (40)}) 19. Rfc1 Qa5 20. Bxb7
$16 {1/2-1/2 Van der Wiel,J-Dorfman,J/Germany 1999/CBM 74 ext (24)}) 15. h4 (
15. Rab1 b6 16. c4 (16. h3 Be6 17. Qf3 Qxc3 18. Qf6 Bf8 19. Bxf8 Rxf8 20. Be4
Rad8 $11 {1/2-1/2 Van Dijk,J-Tann,R/IECG 2002/Telechess CBM 105 (54)}) 16...
Bxh2+ 17. Kh1 Bd6 18. Rfe1 Be6 19. Qf3 Qd8 20. g3 Rc8 $132 {1/2-1/2 Matosec,
T-Url,M/ICCF email 1997/E-Mail 2000 (27)}) (15. Rac1 Bxh2+ 16. Kh1 Bd6 (16...
Be5 17. Qf3 (17. f4 Bc6 18. Qc4 b5 19. Qb3 Qd7 20. f5 Bg3 $13 {0-1 Lepelletier,
B-Marciano,D/France 1996/CBM 54 ext (43)}) 17... Bg7 18. Bxg7 Kxg7 19. c4 Rad8
20. Be4 Bg4 21. Qd3 f5 22. Bf3 Bxf3 23. gxf3 Qf4 24. d5 Qh4+ {1/2-1/2 Sutovsky,
E-Fridman,D/Macabiah 1997 (24)}) 17. c4 Bc6 (17... Be5 $1) 18. Qg5 Be4 $4 19.
Qf6 Be5 20. dxe5 {1-0 Ziatdinov,R-Caveney/Atlanta op 1998 (20)}) (15. c4 Be6
16. Qf3 Bxc4 17. Rfc1 b5 18. Be4 Rac8 19. Bb7 Rb8 20. Bc6 Bxh2+ 21. Kh1 Re6 22.
d5 Rxc6 23. dxc6 Be5 24. Re1 $36 {1-0 Hunt,A-Hanley,C/Blackpool 2003/CBM 95
ext (32)}) (15. Qf3 Bxh2+ 16. Kh1 Bd6 17. Qf6 Bf8 18. Bxf8 Rxf8 19. c4 Rae8 20.
a4 (20. Rab1 Re6 21. Qf3 b6 $11 {1/2-1/2 Martin,M-Samraoui,A/IECG 2001/
Telechess CBM 105 (26)}) (20. Qh4 Qa5 21. Rfc1 Bf5 22. Qg3 Re7 23. Bxf5 Qxf5
24. Kg1 Re4 $11 {1/2-1/2 Copie,J-Samraoui,A/IECG 2001/Telechess CBM 105 (48)})
20... Re6 21. Qh4 Qa5 22. Be4 Qc3 23. Bd5 Re2 24. Rac1 Qb4 25. Rb1 $36 {
1/2-1/2 Lakatos,S-Baroin,B/ICCF Email 2003/CBM 109 (31)}) (15. h3 Be6 16. Qg5
Be7 17. Qe3 Qxc3 18. Be4 Bb4 19. Rac1 Qxe3 20. fxe3 Bxa2 21. Bxb7 Rab8 22. Bc6
Rec8 23. Bf4 Ba3 24. Ra1 Rb2 25. d5 $16 {1/2-1/2 Ludwig,C-Stagl,G/ICCF 2002/
ICCF Telechess CBM 104 (41)}) 15... Be6 16. Qf3 Qxc3 17. Qf6 Bf8 18. Bxf8 Rxf8
19. Rfd1 (19. Be4 Rad8 20. Rfd1 Bd5 (20... Bg4 21. Rac1 Qa5 22. f3 Bc8 23. Rc2
$16 {1/2-1/2 Braakhuis,W-Fritz,M/IECC email 1998/E-Mail 2000 (39)}) 21. Rac1
Qa3 22. Bxd5 (22. h5 Qd6 23. Qxd6 Rxd6 24. Bxd5 Rxd5 25. Rc7 Rb8 {1/2-1/2
Shchebenyuk,M-Fuhrmann,A/IECC 2001/Telechess CBM 93 (25)} (25... Rb8 26. h6 a5
27. Re1 Rxd4 28. Rxb7 Rf8 29. Ra7 Ra4 $11 {1/2-1/2 Capezza,M-Touzane,O/FIDE.
com 2002/EXT 2003 (65)}) (25... Rfd8 26. Rxb7 Rxd4 27. Rxd4 Rxd4 28. Rxa7 gxh5
$14 {1/2-1/2 Lepelletier,B-Koch,J/Besancon 1999/CBM 73 (40)}) (25... Rxh5 26.
Rxb7 Ra5 27. Rd2 {1/2-1/2 Tsvetkov,A-Bormida,A/email CAPA 1999/79 telechess 
(27)})) 22... Rxd5 23. Rc7 Qxa2 24. Qe7 Rxd4 $17 {0-1 Berg,E-Karpov,A/Tallinn
EST 2006/(49)}) 19... Rfd8 (19... Rad8 20. Bxg6 hxg6 21. h5 gxh5 22. Qg5+ Kh7
23. Qxh5+ Kg8 24. Qg5+ Kh7 25. Rac1 Qb4 26. Qh5+ Kg8 27. Qg5+ {1/2-1/2 Van der
Weide,K-Atalik,S/Wijk aan Zee NED 2006/(27)}) 20. Be4 Bd5 21. Rac1 (21. h5 Qc6
$11) (21. Qe5 Bxe4 22. Qxe4 Qc6 23. d5 Qf6 $11) 21... Qa3 (21... Qa5 22. h5 Qb6
23. Qxb6 axb6 24. Bxd5 Rxd5 25. h6 $16) 22. Rc7 Qxa2 23. h5 Qe2 (23... Qa6 $1
24. Qxa6 (24. Qf3 Qe6 $11) 24... bxa6 25. f3 (25. Bxd5 Rxd5 26. h6 Rad8 27.
Rxa7 Rh5 $11) 25... Kg7 26. hxg6 hxg6 27. Kf2 Rd6 $11 {1/2-1/2 Potkin,V-Feller,
S/ECU-ch Internet Candidates 5m+1s blitz 2006/(45)}) 24. f3 $1 Qa6 (24... Qxd1+
25. Kh2 Be6 (25... Rd6 26. Qxd6 Bxe4 (26... Be6 27. d5 $18) 27. Qf6 $1 Rf8 28.
h6 $18) 26. hxg6 hxg6 27. Bxg6 Qb3 28. Qg5 $1 Rd7 29. Rxd7 Bxd7 30. Bc2+ $18) (
24... Qe3+ 25. Kf1 Be6 26. hxg6 hxg6 27. Bxg6 Rd7 28. Rd3 $1 Qxd3+ 29. Bxd3
Rxc7 30. d5 $18) 25. Qxa6 bxa6 26. h6 $1 $36 {[%mdl 4096]} Rd6 27. Kf2 g5 (
27... Rad8 28. Rxa7 Bb3 29. Rd2 g5 30. Rb2 Bc4 31. Ke3 Rxh6 (31... Rxd4 32. Rb4
$1) 32. Rc2 Bd5 33. Rc5 Re6 34. Kd3 Bxe4+ 35. fxe4) (27... a5 $142 $5 28. Rdc1
(28. Rc5 Rad8 29. Rxa5 Bb3 30. Rb1 Bc4 31. Rxa7 (31. Ke3 f5) 31... Rxd4 32.
Rbb7 $14) 28... Rad8 29. Bxd5 Rxd5 30. R1c4 a6 31. Ra7 R5d6 $14) 28. Rdc1 $1
Bxe4 (28... Kf8 29. R1c5 Rad8 $142 (29... Bxe4 30. fxe4 Re8 31. Rxg5 Rxh6 (
31... Rxe4 $2 32. Rg8+ $18) (31... Rxd4 32. Rg7 Re7 33. Rg8+ Kxg8 34. Rc8+ Re8
35. Rxe8#) 32. e5 $1 Rhe6 33. Kf3 $1 $16) 30. Bxd5 Rxd5 31. Rxa7 Rxd4 32. Rxg5
$36) 29. Rc8+ Rd8 30. Rxd8+ Rxd8 31. fxe4 $16 f5 $2 (31... Kf8 $142 32. Ke3 Rd6
33. d5 Rxh6 34. Rc8+ Ke7 35. Rc7+ Ke8 36. Kd4 $1 (36. e5 Rh4 $1) 36... Rh2 $132
) 32. Ke3 fxe4 33. Rc7 $1 $18 Rd6 34. Rg7+ Kh8 (34... Kf8 35. Rxh7 Kg8 36. Rg7+
Kf8 37. Rxg5 $18) 35. Rxg5 Rxh6 36. d5 $1 (36. Kxe4 $2 Rg6 $1 $11) 36... a5 37.
Kxe4 a4 38. Rg3 a3 (38... Ra6 39. Rd3 $1 a3 40. d6 Ra4+ (40... a2 41. d7 a1=Q
42. d8=Q+ Kg7 43. Qe7+ $18) 41. Kd5 Ra5+ 42. Kc6 Ra6+ 43. Kb7 a2 44. d7 a1=Q
45. d8=Q+ Kg7 46. Qg5+ Rg6 47. Rd7+ Kh8 48. Rd8+ Kg7 49. Qe7+ Kh6 50. Qh4+ Kg7
51. Rd7+ $18) 39. Rxa3 Kg8 (39... Kg7 40. Rxa7+ Kf8 41. g4 Rg6 42. Kf5 Rd6 43.
Ke5 Rg6 44. Rxh7 Rxg4 45. Ke6 Re4+ 46. Kd7 Ra4 47. Rh8+ Kf7 48. Rc8 $18) (39...
Rg6 40. Rd3 Rxg2 41. d6 $18) 40. Kd4 (40. Rf3 $5) 40... Kf8 41. Re3 Rh2 (41...
Rg6 42. g3 Kf7 43. Kc5 Rg8 44. Kc6 $18) 42. Re2 Rh1 43. d6 a5 44. Kc5 Rc1+ 45.
Kb6 Rb1+ 46. Kc7 Rc1+ 47. Kd8 a4 48. Ra2 $1 (48. d7 $2 a3 $11) (48. Ra2 Rc4 49.
d7 $18) 1-0

[Event "RUS-ch Superfinal"]
[Site "Moscow"]
[Date "2005.12.29"]
[Round "10"]
[White "Svidler, Peter"]
[Black "Morozevich, Alexander"]
[Result "1/2-1/2"]
[WhiteElo "2740"]
[BlackElo "2707"]
[Annotator "Finkel,A"]
[PlyCount "85"]
[EventDate "2005.12.19"]
[EventType "tourn"]
[EventRounds "11"]
[EventCountry "RUS"]
[EventCategory "17"]
[SourceTitle "CBM 111"]
[Source "ChessBase"]
[SourceDate "2006.04.04"]
[SourceVersion "1"]
[SourceVersionDate "2006.04.04"]
[SourceQuality "1"]

1. e4 e6 2. d4 d5 3. Nc3 Nf6 4. e5 Nfd7 5. f4 c5 6. Nf3 Nc6 7. Be3 cxd4 8. Nxd4
Bc5 9. Qd2 O-O 10. O-O-O a6 11. Nce2 $5 {A very rare continuation, but not
such a bad one - White's idea is to trade the dark-squared bishops reducing
Black's attacking potential on the queenside.} Qe7 (11... Qc7 12. h4 b5 13.
Nxc6 Qxc6 14. Nd4 Qc7 15. Nf3 b4 16. Ng5 Re8 $13 {Luther,T-Knaak,R/Berlin 1990}
) (11... Na5 12. Ng3 b5 13. b3 Bb7 14. Kb1 Rc8 15. h4 Nc6 16. Nge2 Qe7 17. Nxc6
Rxc6 18. Nd4 Rc7 19. Bd3 $14 {Anand,V-Shirov,A/Monte Carlo 2000}) 12. Nb3 Bxe3
13. Qxe3 f6 $1 {Starting counterplay in the center.} 14. exf6 Nxf6 15. h3 {
White is forced to waste a tempo since Ng4 is not so easy to meet. For example
after} (15. Ned4 Ng4 16. Qf3 Nxd4 17. Nxd4 e5 $1 18. h3 (18. Qxd5+ $6 Kh8 $36)
18... exd4 19. hxg4 Qe3+ $11) 15... a5 16. a3 (16. Nbd4 a4 17. a3 Ne4 18. g3 e5
$13) 16... b5 17. g4 a4 18. Nbd4 Na5 $1 {[%cal Ga5c4,Gf6e4] Active counterplay
is much more important than the pawn!} 19. Nxb5 (19. Nc3 $6 b4 20. axb4 Qxb4
21. Nxe6 Rb8 $40) 19... Nc4 20. Qd4 Bd7 21. Nec3 (21. Nbc3 $2 Rab8) 21... Rac8
(21... Bxb5 $142 $1 22. Nxb5 Rfc8 23. Bxc4 ({After} 23. Re1 Rab8 24. g5 Nh5 25.
Na7 Rc7 26. Bxc4 dxc4 $17 {the knight is trapped on a7.}) 23... Rxc4 24. Qb6 (
24. Qe5 Re4 25. Qc7 Qxc7 26. Nxc7 Rc8 27. Nb5 Rxf4 $15) 24... Nd7 25. Qf2 Rb8
26. Nd4 Nc5 $36) 22. f5 Bxb5 23. Nxb5 Ne4 (23... e5 24. Qa7 Qd8 25. Qxa4) 24.
Bxc4 $5 {The black knights are very annoying on e4 and c4, so Svidler decides
to trade them.} (24. Bd3 Qg5+ 25. Kb1 Ned2+ (25... Ncd2+ 26. Ka1 Nf3 27. Qb6
$14) 26. Ka2 Rb8 27. h4 Qe7 28. Rxd2 Nxd2 29. fxe6 Qxe6 $15) 24... Rxc4 25. Qe5
{White gets 2 pawns for the exchange so it's hard to call this move a
sacrifice.} Nf2 26. Qxe6+ Qxe6 27. fxe6 Nxd1 {Taking the ''right'' rook!} (
27... Nxh1 $2 28. e7 Re8 29. Nd6 Rxe7 30. Nxc4 dxc4 31. Rxh1 Re3 32. Kd2 Rg3
33. Re1 $16 {[%cal Ge1e4]}) 28. e7 Rb8 29. Rxd1 ({Unfortunately for Svidler} 
29. Nd6 Nxb2 30. e8=Q+ Rxe8 31. Nxe8 Nd3+ 32. Kb1 Nf2 33. Rf1 Ne4 $19 {[%csl
Re8] doesn't work as the white knight is trapped on e8.}) 29... Re4 30. Nc3
Rxe7 31. Nxa4 Re3 32. Rxd5 Rxh3 33. c4 Rh4 34. c5 Rxg4 35. Nb6 ({Svidler is
not willing to take risks after} 35. b4 Ra8 36. Nc3 Rxa3 37. Kb2 Ra8 38. Kb3 {
with a very complicated struggle.}) 35... Kf7 36. a4 Rxb6 $1 {Forcing a draw.}
37. cxb6 Rxa4 38. b7 Rb4 39. Rd7+ Ke6 (39... Kf6 $2 40. Kc2 h5 41. Kc3 Rb5 (
41... Rb6 42. Rd6+ $18) 42. b4 Ke6 43. Rxg7 Kd6 44. Kc4 $18) 40. Rxg7 h5 41.
Kc2 Kd6 42. Kc3 Rb5 43. Rh7 1/2-1/2

[Event "RUS-ch Superfinal"]
[Site "Moscow"]
[Date "2005.12.28"]
[Round "9"]
[White "Volkov, Sergey"]
[Black "Tomashevsky, Evgeny"]
[Result "1-0"]
[WhiteElo "2614"]
[BlackElo "2564"]
[Annotator "Atlas,V"]
[PlyCount "129"]
[EventDate "2005.12.19"]
[EventType "tourn"]
[EventRounds "11"]
[EventCountry "RUS"]
[EventCategory "17"]
[SourceTitle "CBM 111"]
[Source "ChessBase"]
[SourceDate "2006.04.04"]
[SourceVersion "1"]
[SourceVersionDate "2006.04.04"]
[SourceQuality "1"]

1. d4 Nf6 2. c4 e6 3. Nc3 Bb4 4. f3 c5 5. d5 Bxc3+ 6. bxc3 Qa5 7. Bd2 d6 8. e4
Nbd7 9. Ne2 Ne5 10. Ng3 Bd7 11. a4 h5 12. h4 O-O-O 13. Be2 Ng6 {An interesting
novelty, which seems to be a good alternative to 14.Kf2.} 14. Nf1 Kb8 15. Qc2
Ka8 16. Ra2 Rb8 17. Ne3 Rhe8 18. Kd1 Ne7 19. Kc1 Nfg8 20. Bd3 Nh6 21. Kb2 Ng6
22. Ka1 Rf8 23. Nf1 Ng8 24. Ng3 Nf6 25. Be2 Rh8 26. Nf1 Rhf8 27. Ne3 Ne7 28.
Be1 e5 29. g3 Nfg8 30. Bd3 Nh6 31. Rg1 f5 $5 (31... g6 $5 {preparing 32...f5,
was a good alternative.}) 32. exf5 Nhxf5 33. Nd1 Nh6 34. Qe2 Bf5 35. Nf2 Bxd3
36. Qxd3 Qc7 37. Ne4 Qd7 38. Ng5 Rf6 39. Bd2 Nhf5 40. Ne4 Rf7 41. Ng5 Rf6 42.
Qe2 Ng6 43. Kb2 Rff8 44. Ka3 Rfe8 45. Qe4 Nf8 46. Qb1 Ne7 47. Rb2 Ng8 48. Bc1
Nf6 49. Re2 b6 50. Rge1 a6 51. Rb2 Qa7 52. Qd3 N8d7 53. Ne6 Nf8 54. Bg5 Nxe6
55. dxe6 Rxe6 56. Reb1 Qc7 57. Qf5 Ree8 58. Bxf6 gxf6 59. Qxh5 Rg8 60. g4 Rh8
$2 ({After this mistake Black's position falls apart. Correct was} 60... Ka7) {
[%tqu "En","How can White take advantage of Black's imprudent rook move?",
"Exploit the shaky position of Black's h8-rook.","Use the power of your
battery on the b-file.","b2b6","This excellent move decides the game.",5]} 61.
Rxb6 $1 {[%csl Rb8,Rh8][%cal Ob6a6,Ca8a7,Cb8b6,Gb1b8] Convincingly punishing
Black's mistake. Now the game is over.} Rxb6 (61... Rxh5 {loses to} 62. Rxb8+
Ka7 63. R1b7+ Qxb7 64. Rxb7+ Kxb7 65. gxh5) 62. Qxh8+ Ka7 63. Rxb6 Kxb6 64. Qe8
Qh7 65. Qb8+ (65. Qb8+ {, and Black resigned in view of:} Kc6 66. Qa8+ Kb6 67.
a5+ Kxa5 (67... Kc7 68. Qa7+ {, winning the queen.}) 68. Qd8+) 1-0

[Event "RUS-ch Superfinal"]
[Site "Moscow"]
[Date "2005.12.28"]
[Round "9"]
[White "Zvjaginsev, Vadim"]
[Black "Motylev, Alexander"]
[Result "1/2-1/2"]
[WhiteElo "2659"]
[BlackElo "2632"]
[Annotator "Babula,V"]
[PlyCount "70"]
[EventDate "2005.12.19"]
[EventType "tourn"]
[EventRounds "11"]
[EventCountry "RUS"]
[EventCategory "17"]
[SourceTitle "CBM 111"]
[Source "ChessBase"]
[SourceDate "2006.04.04"]
[SourceVersion "1"]
[SourceVersionDate "2006.04.04"]
[SourceQuality "1"]

1. e4 c5 2. Na3 Nc6 (2... e6 {1/2-1/2 Zvjaginsev,V-Dreev,A/Moscow 2005/CBM 111
(55)}) 3. Bb5 g6 $5 {Black ignores the threat of the doubled pawns creation.} (
3... Qc7 {1-0 Zvjaginsev,V-Khalifman,A/Moscow 2005/CBM 111 (37)}) 4. Bxc6 bxc6
{For the compromised pawn structure Black has a pair of bishops.} 5. d3 Bg7 6.
f4 $6 {The premature advance.} ({Solid alternatives are better:} 6. Nf3 $142) (
6. c3 $142 d5 $140 7. Qa4 $5) 6... d5 $1 {[%csl Ra3] פa3 The correct answer.
The knight on a3 is misplaced now and Black is not afraid of the advance e4-e5
closing his Bg7.} (6... Rb8 $143 $6 7. Nf3 $5 (7. c3) 7... Bxb2 8. Bxb2 Rxb2 9.
Qd2 $44) 7. e5 $6 {White continues in his dubious plan.} (7. Qe2 $6 {is not
suitable as well due to} Qa5+ $5 8. Bd2 Qb6 $15) ({But perhaps better is} 7.
Nf3 $142 $5 {After} dxe4 8. dxe4 Qxd1+ 9. Kxd1 Nf6 $36 {it looks so that Black
has an initiative but position is still not clear} 10. e5 (10. Re1 O-O) 10...
Nd5) 7... f6 $1 $15 {Black immediately attacks White's centre, his position is
already slightly better.} 8. Qe2 $2 {And this is already a serious mistake.
White believes wrongly that he can keep the wedge e5. But the game will show
that it is not possible.} ({Therefore it is better to exchange on f6. White
can do it right now} 8. exf6 $142 {, but it just helps Black to finish his
development.} Nxf6 $15) ({More convenient is} 8. Nf3 $142 $5 {and exchange on
f6 later in better circumstances, for example} Bg4 (8... fxe5 $6 9. Nxe5 $11)
9. O-O Nh6 $5 (9... fxe5 10. fxe5 Nh6 (10... Bxe5 $2 11. Qe1 $1 Bg7 12. Ne5 $14
) 11. Bf4 $15 {[%cal Yd1d2,Ya1e1]}) 10. exf6 $5 {White captures on f6 just now
when Black has already developed his knight} Bxf6 11. Qe1 $15) 8... fxe5 $1 {
><e5 It creates White the weakness e5.} (8... Nh6 $143 $6) 9. fxe5 {[%csl Re5]}
Nh6 10. Nf3 ({White has no time for the prophylaxis h2-h3 to avoid Bc8-g4} 10.
h3 Nf5 11. Bf4 O-O (11... Nd4 $5) 12. Nf3 Nh4 $17) 10... Bg4 11. O-O O-O 12. c3
({After} 12. Bxh6 Bxh6 $17 {Black is much better due to his strong pair of
bishops.}) 12... Qc7 13. Nc2 Nf5 $5 $17 {Black's pressure is very unpleasant.}
(13... Nf7 $143 $6 14. d4 $15) 14. Bf4 {It is difficult to recommend anything
better.} (14. d4 cxd4 15. cxd4 c5) (14. Nce1 Nh4) 14... Nd4 $2 {Black goes for
useless complications and loses part of his advantage.} (14... Nh4 $142 $17 {
is the correct continuation.}) 15. Ncxd4 $5 {White tries to get more
complicated position, where he would have more chances to escape.} ({After} 15.
cxd4 Rxf4 16. dxc5 Bxf3 17. Rxf3 Rxf3 18. gxf3 Bxe5 19. Re1 Bf6 $15 {the
position is rather simple and White can suffer only.}) 15... Rxf4 (15... cxd4
16. Bg3 $15) 16. h3 $2 {But this move loses a pawn.} ({It is necessary} 16. Nb3
$142 Qb6 $15 (16... c4 $6 17. dxc4 Rxc4 18. Nbd4 {[%csl Rc4] צc4})) 16... cxd4
17. hxg4 dxc3 18. bxc3 Rxg4 19. Nd2 {[%csl Rg4] צg4 Black's rook is slightly
misplaced now.} Rg3 $1 $17 {This important move regains the advantage.} (19...
Rg5 $2 20. d4 {[%cal Yd2b3,Yb3c5]}) 20. Rae1 e6 ({Possible is also} 20... Qb6+
$5 21. d4 (21. Kh2 Rg5) 21... Rxc3 {Black needn't be afraid of} 22. Qg4 {
because of} c5 $17 {, for example} 23. Qd7 Qd8 24. Qe6+ Kh8 25. Rf7 (25. Nf3
Bh6) 25... cxd4) 21. Nb3 c5 $2 {A mistake allowing White to escape.} ({Correct
is} 21... Qb6+ $142 22. d4 Rxc3 $17 23. Qg4 Re8) 22. Qf2 $1 Rxd3 23. Nxc5 Rxc3
24. Nxe6 Qb6 {Black is forced to exchange the queens.} (24... Qe7 $2 25. Qd4)
25. Qxb6 axb6 26. Nxg7 Kxg7 27. Rf2 $15 {o^e5 This ending Black can't win. A
maximum, what he can achieve, is the ending R+P:R+2P on one flank, what is a
theoretical draw.} Re8 (27... Raa3 28. Rb2 Re3 29. Rxe3 Rxe3 30. Rxb6 Rxe5 31.
a4) 28. e6 Re7 (28... Rc6 29. Rf7+ Kg8 30. Rd7 Rcxe6 31. Rxe6 Rxe6 32. Rxd5)
29. Rd2 Rc5 30. a4 h5 31. Kh2 Kf6 32. Rf2+ Kg7 33. Rd2 Ra5 34. Rd4 Rc5 35. Rd2
Kf6 1/2-1/2